Sports Quiz

Random Sports or NFL Quiz
Score 0/88 Timer 15:00
0 Plays Today
Team Player % Correct
RamsJared Goff
98.2%
CardinalsKyler Murray
97.6%
49ersJimmy Garoppolo
97.6%
SeahawksRussell Wilson
97.6%
RamsCooper Kupp
95.8%
SeahawksChris Carson
94.6%
SeahawksTyler Lockett
94.6%
CardinalsDeAndre Hopkins
94%
RamsRobert Woods
94%
CardinalsLarry Fitzgerald
93.4%
CardinalsChandler Jones
93.4%
49ersDeebo Samuel
92.8%
49ersGeorge Kittle
92.8%
CardinalsMaxx Williams
92.2%
CardinalsCorey Peters
92.2%
CardinalsPatrick Peterson
92.2%
49ersTrent Williams
92.2%
49ersK'Waun Williams
92.2%
SeahawksD.K. Metcalf
92.2%
RamsAaron Donald
91.6%
49ersRaheem Mostert
91.6%
49ersNick Bosa
91%
CardinalsChristian Kirk
90.4%
CardinalsKenyan Drake
89.2%
49ersRichard Sherman
88.6%
RamsTyler Higbee
88%
SeahawksBobby Wagner
88%
RamsJalen Ramsey
87.4%
RamsAndrew Whitworth
86.8%
SeahawksDuane Brown
83.2%
Team Player % Correct
RamsCam Akers
81.4%
49ersArik Armstead
80.8%
49ersBrandon Aiyuk
79.6%
CardinalsBudda Baker
79%
SeahawksGreg Olsen
78.4%
SeahawksShaquill Griffin
77.8%
49ersDee Ford
76.6%
SeahawksPoona Ford
76.6%
RamsJohn Johnson III
76%
49ersMike McGlinchey
75.4%
49ersJavon Kinlaw
75.4%
CardinalsIsaiah Simmons
74.9%
49ersFred Warner
74.9%
SeahawksRasheem Green
73.1%
SeahawksK.J. Wright
71.3%
RamsJosh Reynolds
67.1%
49ersKendrick Bourne
65.3%
49ersJimmie Ward
63.5%
49ersJaquiski Tartt
63.5%
RamsMichael Brockers
62.3%
SeahawksQuandre Diggs
61.7%
RamsTaylor Rapp
55.7%
CardinalsByron Murphy
55.1%
SeahawksJarran Reed
53.9%
SeahawksMike Iupati
52.7%
49ersDre Greenlaw
51.5%
SeahawksBradley McDougald
51.5%
CardinalsMason Cole
50.9%
CardinalsJordan Hicks
50.3%
49ersLaken Tomlinson
50.3%
Team Player % Correct
SeahawksPhillip Dorsett
50.3%
RamsTroy Hill
49.7%
CardinalsD.J. Humphries
49.1%
RamsRob Havenstein
48.5%
RamsBrian Allen
47.9%
RamsA'Shawn Robinson
47.9%
49ersWeston Richburg
46.7%
CardinalsJalen Thompson
46.1%
SeahawksTre Flowers
46.1%
SeahawksQuinton Dunbar
45.5%
RamsLeonard Floyd
44.9%
RamsAustin Blythe
43.7%
CardinalsJustin Pugh
42.5%
SeahawksDamien Lewis
41.3%
CardinalsMarcus Gilbert
40.7%
RamsSamson Ebukam
38.9%
CardinalsJ.R. Sweezy
35.9%
SeahawksL.J. Collier
35.9%
CardinalsJordan Phillips
34.7%
49ersEmmanuel Moseley
34.7%
RamsAustin Corbett
30.5%
CardinalsDevon Kennard
26.9%
SeahawksB.J. Finney
26.3%
CardinalsRobert Alford
24.6%
RamsDavid Long
24.6%
SeahawksBrandon Shell
22.2%
RamsTravin Howard
14.4%
49ersDaniel Brunskill
12%
Remove Ads.
Support Sporcle.
Get the best of Sporcle when you Go Orange. This ad-free experience offers more features, more stats, and more fun while also helping to support Sporcle. Thank you for becoming a member.

You're not logged in!

Compare scores with friends on all Sporcle quizzes.
OR
Log In

Sporcle TV

Today on Sporcle TV


Watch our educational content, quiz creation guides, and fun videos on Sporcle TV.

Show Comments

Extras

Top Quizzes Today


Score Distribution

Paid Content

Your Account Isn't Verified!

In order to create a playlist on Sporcle, you need to verify the email address you used during registration. Go to your Sporcle Settings to finish the process.

Report this User

Report this user for behavior that violates our Community Guidelines.

Details: